[Event "Hull 4NCL Congress 2023"]
[Site "Canham Turner Centre, Hull HU6 7RX"]
[Date "2023.09.09"]
[Round "2"]
[Board "6"]
[White "Milson, Neil"]
[Black "Sloan, Cecil"]
[Result "1-0"]
[WhiteElo "1555"]
[BlackElo "1664"]
[PlyCount "63"]
[EventDate "2023.09.08"]
[EventRounds "5"]
[EventCountry "ENG"]

1. e4 c5 2. Nf3 Nc6 3. Bb5 g6 4. O-O Bg7 5. Nc3 e6 6. d3 Nge7 7. Be3 b6 8. Bf4 a6
9. Bxc6 dxc6 10. Rb1 O-O 11. Qd2 Bb7 12. Bh6 Nc8 13. Bxg7 Kxg7 14. Rfe1 Nd6 15. Ne5
f6 16. Ng4 g5 17. e5 fxe5 18. Rxe5 h6 19. Rbe1 Nc4 20. Qe2 Nxe5 21. Qxe5+ Kg6 22.
Qxe6+ Rf6 23. Nxf6 Qxf6 24. Qxf6+ Kxf6 25. Ne4+ Kg6 26. Nd6 Rb8 27. Nxb7 Rxb7 28.
Re6+ Kf7 29. Rxh6 Re7 30. Rh7+ Kf6 31. Rxe7 Kxe7 32. g3  1-0

[Event "Hull 4NCL Congress 2023"]
[Site "Canham Turner Centre, Hull HU6 7RX"]
[Date "2023.09.09"]
[Round "2"]
[Board "7"]
[White "Buckell, David J"]
[Black "Slegg, Gary"]
[Result "1/2-1/2"]
[WhiteElo "1648"]
[BlackElo "1553"]
[PlyCount "26"]
[EventDate "2023.09.08"]
[EventRounds "5"]
[EventCountry "ENG"]

1. c4 e5 2. Nc3 Bb4 3. e3 Bxc3 4. bxc3 d6 5. d4 f6 6. Bd3 Ne7 7. Ne2 O-O 8. O-O Bf5
9. Bxf5 Nxf5 10. e4 Ne7 11. Qb3 b6 12. f4 c5 13. d5 Nd7  1/2-1/2

[Event "Hull 4NCL Congress 2023"]
[Site "Canham Turner Centre, Hull HU6 7RX"]
[Date "2023.09.09"]
[Round "2"]
[Board "8"]
[White "Grice, Alec"]
[Black "Black, Ewan"]
[Result "1/2-1/2"]
[WhiteElo "1638"]
[BlackElo "1528"]
[PlyCount "55"]
[EventDate "2023.09.08"]
[EventRounds "5"]
[EventCountry "ENG"]

1. e4 c6 2. Nc3 d5 3. Nf3 Bg4 4. h3 Bxf3 5. Qxf3 Nf6 6. e5 Nfd7 7. d4 e6 8. Ne2 c5
9. c3 Nc6 10. Be3 Qb6 11. Rb1 Be7 12. g4 cxd4 13. Bxd4 Nxd4 14. cxd4 Bb4+ 15. Kd1
Rc8 16. Qd3 O-O 17. g5 Rc6 18. Rc1 Rfc8 19. Rxc6 Rxc6 20. Nc3 Rc4 21. Ne2 Nxe5 22.
Qe3 Nc6 23. b3 Rxd4+ 24. Nxd4 Nxd4 25. Bd3 Bc5 26. Qg3 Bd6 27. Qe3 Bc5 28. Qg3  1/2-1/2

[Event "Hull 4NCL Congress 2023"]
[Site "Canham Turner Centre, Hull HU6 7RX"]
[Date "2023.09.09"]
[Round "2"]
[Board "9"]
[White "Scotter, John"]
[Black "Oliver, Bruce R"]
[Result "0-1"]
[WhiteElo "1526"]
[BlackElo "1629"]
[PlyCount "66"]
[EventDate "2023.09.08"]
[EventRounds "5"]
[EventCountry "ENG"]

1. d4 g6 2. c4 Bg7 3. Nf3 d6 4. e3 e6 5. Nc3 Nd7 6. Be2 b6 7. O-O Bb7 8. Re1 Ne7
9. b3 h6 10. Bb2 a6 11. Rc1 O-O 12. e4 f5 13. exf5 exf5 14. d5 Nf6 15. Nd4 Bc8 16.
Bf3 Rb8 17. Rc2 g5 18. g3 Bd7 19. Rce2 Ng6 20. Nc6 Bxc6 21. dxc6 Ne5 22. Bg2 f4 23.
Bh1 g4 24. Nd5 f3 25. Nxf6+ Bxf6 26. Re4 h5 27. Bxe5 Bxe5 28. Qd5+ Kg7 29. h3 Qg5
30. Qe6 Rbe8 31. Qd5 Rf5 32. Qd3 Ref8 33. b4 Bxg3  0-1

[Event "Hull 4NCL Congress 2023"]
[Site "Canham Turner Centre, Hull HU6 7RX"]
[Date "2023.09.09"]
[Round "2"]
[Board "10"]
[White "Sharma, Devesh"]
[Black "Hara, R Malcolm"]
[Result "1-0"]
[WhiteElo "1494"]
[BlackElo "1616"]
[PlyCount "61"]
[EventDate "2023.09.08"]
[EventRounds "5"]
[EventCountry "ENG"]

1. e4 c5 2. Nf3 g6 3. d4 cxd4 4. Nxd4 Bg7 5. Nc3 Nc6 6. Be3 a6 7. Bc4 d6 8. f3 Nf6
9. Qd2 h5 10. O-O-O Na5 11. Bb3 Nxb3+ 12. Nxb3 Bd7 13. Nd5 Nxd5 14. exd5 Rc8 15.
Qf2 Bf5 16. Rd2 Qd7 17. Bd4 Bh6 18. f4 O-O 19. h3 Be4 20. Bc3 Qf5 21. Rf1 Bg7 22.
Bxg7 Kxg7 23. g4 hxg4 24. hxg4 Qd7 25. Qd4+ f6 26. Qxe4 Rh8 27. Nd4 Kf7 28. Ne6 Qb5
29. Re1 Rc4 30. Nd8+ Ke8 31. Qxe7#  1-0

[Event "Hull 4NCL Congress 2023"]
[Site "Canham Turner Centre, Hull HU6 7RX"]
[Date "2023.09.09"]
[Round "2"]
[Board "11"]
[White "Egan, William J"]
[Black "Patel, Diah"]
[Result "1-0"]
[WhiteElo "1605"]
[BlackElo "1455"]
[PlyCount "65"]
[EventDate "2023.09.08"]
[EventRounds "5"]
[EventCountry "ENG"]

1. d4 d5 2. Bf4 Nf6 3. e3 a6 4. Nd2 g6 5. h3 Bg7 6. Be2 O-O 7. Ngf3 Ne4 8. O-O h6
9. Nxe4 dxe4 10. Nd2 f5 11. f3 g5 12. Bg3 exf3 13. Nxf3 f4 14. exf4 gxf4 15. Bc4+
Kh8 16. Bh4 b5 17. Bb3 Nc6 18. c3 Bf6 19. Bc2 e5 20. Qd3 Rf7 21. Qg6 Qe7 22. Qxh6+
Kg8 23. Bxf6 Rxf6 24. Qg5+ Kf7 25. Rae1 Bxh3 26. Nxe5+ Kf8 27. Ng6+ Rxg6 28. Qxg6
Qd7 29. Rxf4+ Bf5 30. Rxf5+ Qxf5 31. Qxf5+ Kg7 32. Qg6+ Kf8 33. Qxc6  1-0

[Event "Hull 4NCL Congress 2023"]
[Site "Canham Turner Centre, Hull HU6 7RX"]
[Date "2023.09.09"]
[Round "2"]
[Board "12"]
[White "Weller, Colin"]
[Black "Virgos Matilla, Luis"]
[Result "1-0"]
[WhiteElo "1599"]
[BlackElo "1491"]
[PlyCount "61"]
[EventDate "2023.09.08"]
[EventRounds "5"]
[EventCountry "ENG"]

1. e4 e5 2. Nf3 Nc6 3. d4 exd4 4. Nxd4 Bc5 5. Be3 Qf6 6. c3 Nge7 7. Be2 d5 8. Bf3
Nxd4 9. cxd4 dxe4 10. Bxe4 Bb6 11. O-O c6 12. Nc3 Bf5 13. Bxf5 Nxf5 14. Ne4 Qh4 15.
Qf3 Nxe3 16. fxe3 O-O 17. Nd6 Qe7 18. Nf5 Qf6 19. Kh1 Bc7 20. e4 Rae8 21. e5 Qg6
22. Qa3 Kh8 23. Qxa7 Rb8 24. Qc5 Qe6 25. b3 f6 26. exf6 Rxf6 27. Rae1 Rxf5 28. Qxf5
Qxf5 29. Rxf5 Rd8 30. Ref1 Kg8 31. Rf7  1-0

[Event "Hull 4NCL Congress 2023"]
[Site "Canham Turner Centre, Hull HU6 7RX"]
[Date "2023.09.09"]
[Round "2"]
[Board "14"]
[White "Scorer, David M"]
[Black "Duffell, Andrew"]
[Result "0-1"]
[WhiteElo "1452"]
[BlackElo "1567"]
[PlyCount "70"]
[EventDate "2023.09.08"]
[EventRounds "5"]
[EventCountry "ENG"]

1. Nf3 c5 2. e3 e6 3. d4 Nf6 4. Bd3 Nc6 5. c3 d5 6. Nbd2 Qc7 7. O-O b6 8. Qe2 Bd6
9. Rd1 e5 10. dxe5 Nxe5 11. Nxe5 Bxe5 12. Nf3 O-O 13. h3 Bb7 14. Bc2 Bd6 15. Bd2
Rfe8 16. Be1 a6 17. Rac1 b5 18. a3 Rad8 19. Bb3 c4 20. Ba2 Bc8 21. Bb1 Ne4 22. Nd4
Re5 23. Nf3 Re6 24. Bxe4 dxe4 25. Nd4 Rg6 26. Kh1 Re8 27. f4 exf3 28. Nxf3 Bb7 29.
Bf2 f5 30. Qf1 f4 31. exf4 Bxf4 32. Re1 Rf8 33. Red1 Bg3 34. Bxg3 Rxg3 35. Qf2 Rxh3+
 0-1

[Event "Hull 4NCL Congress 2023"]
[Site "Canham Turner Centre, Hull HU6 7RX"]
[Date "2023.09.09"]
[Round "2"]
[Board "15"]
[White "Dunn, Giles"]
[Black "Lukauskas, Modestas"]
[Result "0-1"]
[WhiteElo "1668"]
[BlackElo "1471"]
[PlyCount "30"]
[EventDate "2023.09.08"]
[EventRounds "5"]
[EventCountry "ENG"]

1. d4 d5 2. c4 c6 3. Nc3 Nf6 4. Bf4 Bf5 5. Nf3 e6 6. e3 Bb4 7. Qb3 Qb6 8. Qa4 Ne4
9. Rc1 Bxc3+ 10. bxc3 Qb2 11. Rc2 Qa1+ 12. Ke2 Nxc3+ 13. Rxc3 Qxc3 14. Ne5 O-O 15.
g4 Bc2  0-1

[Event "Hull 4NCL Congress 2023"]
[Site "Canham Turner Centre, Hull HU6 7RX"]
[Date "2023.09.09"]
[Round "2"]
[Board "16"]
[White "Atkinson, Richard"]
[Black "Weldon, James"]
[Result "1/2-1/2"]
[WhiteElo "1556"]
[BlackElo "1469"]
[PlyCount "90"]
[EventDate "2023.09.08"]
[EventRounds "5"]
[EventCountry "ENG"]

1. d4 e6 2. Bf4 Nf6 3. Nf3 d5 4. e3 Nh5 5. Be5 Nd7 6. Nbd2 Nxe5 7. Nxe5 g6 8. Bb5+
c6 9. Qf3 f6 10. Nxc6 bxc6 11. Bxc6+ Bd7 12. Bxa8 Qxa8 13. O-O Be7 14. a3 O-O 15.
Rfc1 Qb8 16. b4 Bd6 17. g3 Qc7 18. e4 Bc6 19. c4 dxe4 20. Qe3 f5 21. d5 f4 22. Qxe4
Be5 23. dxc6 Nf6 24. Qe2 fxg3 25. fxg3 Bd4+ 26. Kh1 Qxc6+ 27. Qg2 Qd7 28. Ra2 Ng4
29. Nf3 Be3 30. Re1 Qc6 31. h3 Nf2+ 32. Rxf2 Bxf2 33. Qxf2 Rxf3 34. Qg2 h5 35. Kh2
g5 36. Rxe6 Qxe6 37. Qxf3 Qxc4 38. Qa8+ Kg7 39. Qxa7+ Kf6 40. Qb6+ Kg7 41. Qa7+ Kg8
42. Qb8+ Kf7 43. Qa7+ Kg8 44. Kg2 Qa2+ 45. Kf3 Qb3+  1/2-1/2

[Event "Hull 4NCL Congress 2023"]
[Site "Canham Turner Centre, Hull HU6 7RX"]
[Date "2023.09.09"]
[Round "2"]
[Board "17"]
[White "Hambly, Neil"]
[Black "Johnson, Stanley"]
[Result "1-0"]
[WhiteElo "1537"]
[BlackElo "1410"]
[PlyCount "63"]
[EventDate "2023.09.08"]
[EventRounds "5"]
[EventCountry "ENG"]

1. e4 d5 2. exd5 Nf6 3. Nc3 Nxd5 4. Bc4 Nb6 5. Bb3 e6 6. Qg4 Nc6 7. Nf3 Bd7 8. O-O
Qe7 9. d3 O-O-O 10. Be3 f5 11. Qg3 h6 12. Bf4 Na8 13. Rfe1 Re8 14. Ne5 Nxe5 15. Bxe5
Bc6 16. a4 h5 17. Nb5 Bxb5 18. axb5 Qc5 19. d4 Qb6 20. c4 Kb8 21. c5 Qxb5 22. Ba4
Qxb2 23. Bxe8 Be7 24. Reb1 Qc2 25. Ba4 Qe4 26. Qf3 Qxf3 27. gxf3 Rg8 28. Bc6 b6 29.
Bxa8 Kxa8 30. Bxc7 bxc5 31. Bb6 cxd4 32. Rxa7+  1-0

[Event "Hull 4NCL Congress 2023"]
[Site "Canham Turner Centre, Hull HU6 7RX"]
[Date "2023.09.09"]
[Round "2"]
[Board "18"]
[White "Smith, Sean"]
[Black "Garner, Luke"]
[Result "0-1"]
[WhiteElo "1528"]
[BlackElo "1387"]
[PlyCount "44"]
[EventDate "2023.09.08"]
[EventRounds "5"]
[EventCountry "ENG"]

1. d4 d5 2. c4 Nf6 3. Nc3 Nc6 4. Bg5 e6 5. e3 Bb4 6. cxd5 exd5 7. Bd3 Qd6 8. Qc2
Bd7 9. h3 O-O-O 10. a3 Bxc3+ 11. Qxc3 Rde8 12. Bf4 Qxf4 13. Ne2 Qd6 14. Rc1 Ne4 15.
Bxe4 dxe4 16. Kd2 Ne5 17. Qa5 Kb8 18. Rc2 Nd3 19. Nc1 Qb6 20. Qxb6 axb6 21. Nxd3
exd3 22. Kxd3 Bf5+  0-1

[Event "Hull 4NCL Congress 2023"]
[Site "Canham Turner Centre, Hull HU6 7RX"]
[Date "2023.09.09"]
[Round "3"]
[Board "3"]
[White "Oliver, Bruce R"]
[Black "Al Haidar, Hussam"]
[Result "1/2-1/2"]
[WhiteElo "1629"]
[BlackElo "1525"]
[PlyCount "72"]
[EventDate "2023.09.08"]
[EventRounds "5"]
[EventCountry "ENG"]

1. Nf3 d5 2. g3 Bf5 3. Bg2 e6 4. O-O Nc6 5. d3 Nf6 6. Nbd2 a6 7. b3 Bd6 8. Bb2 O-O
9. Nh4 Re8 10. Nxf5 exf5 11. Bxf6 Qxf6 12. Bxd5 Qe5 13. Bxc6 bxc6 14. e3 Qf6 15.
d4 c5 16. dxc5 Bxc5 17. Qe2 g5 18. Nc4 f4 19. Qf3 Rad8 20. Rad1 Qg6 21. Rxd8 Rxd8
22. Rd1 Rxd1+ 23. Qxd1 fxe3 24. Nxe3 Kg7 25. c4 h6 26. Qa1+ Kh7 27. Nd5 Qf5 28. Qb2
g4 29. Nf6+ Kg6 30. Ne8 f6 31. Nxc7 Qd3 32. Qc1 Qe2 33. Qf4 Bd6 34. Qxd6 Qe1+ 35.
Kg2 Qe4+ 36. Kg1 Qe1+  1/2-1/2

[Event "Hull 4NCL Congress 2023"]
[Site "Canham Turner Centre, Hull HU6 7RX"]
[Date "2023.09.09"]
[Round "3"]
[Board "4"]
[White "Duffell, Andrew"]
[Black "Egan, William J"]
[Result "1/2-1/2"]
[WhiteElo "1567"]
[BlackElo "1605"]
[PlyCount "74"]
[EventDate "2023.09.08"]
[EventRounds "5"]
[EventCountry "ENG"]

1. d4 d5 2. c4 c6 3. Nc3 Nf6 4. Bg5 h6 5. Bh4 e6 6. e3 Be7 7. f3 Nbd7 8. Bf2 O-O
9. cxd5 exd5 10. Bd3 Re8 11. Nge2 Bb4 12. O-O Nf8 13. Ng3 Bd6 14. Nf5 Bxf5 15. Bxf5
Qc7 16. f4 g6 17. Bd3 Kg7 18. Rc1 Qd7 19. Qf3 Ne6 20. Rce1 Bb4 21. a3 Bxc3 22. bxc3
Qd6 23. a4 Qa3 24. e4 dxe4 25. Bxe4 Nxe4 26. Rxe4 Rad8 27. h4 Rd5 28. Re5 f6 29.
Rxd5 cxd5 30. f5 gxf5 31. Qxf5 Qxc3 32. Qxd5 Qc6 33. Qf5 Qd6 34. Qg4+ Kh7 35. Qf5+
Kg7 36. Qg4+ Kh7 37. Qf5+ Kg7  1/2-1/2

[Event "Hull 4NCL Congress 2023"]
[Site "Canham Turner Centre, Hull HU6 7RX"]
[Date "2023.09.09"]
[Round "3"]
[Board "5"]
[White "Weller, Colin"]
[Black "Milson, Neil"]
[Result "1/2-1/2"]
[WhiteElo "1599"]
[BlackElo "1555"]
[PlyCount "89"]
[EventDate "2023.09.08"]
[EventRounds "5"]
[EventCountry "ENG"]

1. e4 e5 2. Nf3 Nc6 3. d3 Bc5 4. Nc3 Nf6 5. h3 O-O 6. Be2 d6 7. Na4 Bb6 8. Nxb6 axb6
9. a3 Be6 10. O-O b5 11. Bd2 Nd7 12. Ng5 Nd4 13. Nxe6 Nxe2+ 14. Qxe2 fxe6 15. f4
exf4 16. Bxf4 e5 17. Bh2 Qg5 18. Rae1 Rxf1+ 19. Rxf1 Rf8 20. Rxf8+ Kxf8 21. Qe1 b6
22. b4 Qf6 23. c4 bxc4 24. dxc4 c5 25. Qf2 Ke7 26. Qxf6+ Nxf6 27. bxc5 dxc5 28. Bxe5
Nxe4 29. Bc7 Nd2 30. Bxb6 Kd6 31. Ba7 Nxc4 32. a4 Kc6 33. Bb8 Nb2 34. Be5 Nxa4 35.
Bxg7 Kd6 36. Kf2 Ke6 37. g4 Nb6 38. h4 Nd5 39. Bb2 c4 40. Kf3 c3 41. Bc1 Ke5 42.
g5 Kf5 43. h5 Nb4 44. g6 hxg6 45. hxg6  1/2-1/2

[Event "Hull 4NCL Congress 2023"]
[Site "Canham Turner Centre, Hull HU6 7RX"]
[Date "2023.09.09"]
[Round "3"]
[Board "6"]
[White "Szydlowski, Sebastien"]
[Black "Sharma, Devesh"]
[Result "0-1"]
[WhiteElo "1585"]
[BlackElo "1494"]
[PlyCount "64"]
[EventDate "2023.09.08"]
[EventRounds "5"]
[EventCountry "ENG"]

1. b3 d5 2. Bb2 e6 3. e3 Nf6 4. Nf3 Be7 5. Be2 h6 6. d3 c5 7. d4 Nc6 8. Bb5 Qa5+
9. Nc3 Ne4 10. Bxc6+ bxc6 11. O-O Ba6 12. Ne2 O-O 13. Ne5 Qc7 14. f3 Nd6 15. g4 cxd4
16. exd4 Bg5 17. f4 Bf6 18. Ba3 Rad8 19. Rf3 Ne4 20. Nc3 c5 21. Nxe4 dxe4 22. Rc3
Qa5 23. Bb2 cxd4 24. b4 dxc3 25. bxa5 Rxd1+ 26. Rxd1 cxb2 27. Nc6 Rc8 28. Nb4 Rb8
29. a3 Bc3 30. Rb1 Bxb4 31. axb4 Rxb4 32. Kf2 Bc4  0-1

[Event "Hull 4NCL Congress 2023"]
[Site "Canham Turner Centre, Hull HU6 7RX"]
[Date "2023.09.09"]
[Round "3"]
[Board "7"]
[White "Fisher, Neal"]
[Black "Slegg, Gary"]
[Result "1-0"]
[WhiteElo "1676"]
[BlackElo "1553"]
[PlyCount "43"]
[EventDate "2023.09.08"]
[EventRounds "5"]
[EventCountry "ENG"]

1. e4 c5 2. d4 cxd4 3. c3 dxc3 4. Nxc3 Nc6 5. Nf3 e6 6. Bc4 a6 7. Ng5 d6 8. O-O Be7
9. f4 Nf6 10. f5 Ne5 11. Bb3 h6 12. Nh3 exf5 13. exf5 O-O 14. Nd5 Nxd5 15. Qxd5 Qb6+
16. Kh1 Ng4 17. Qe4 Ne5 18. Be3 Qb5 19. Nf4 Qc6 20. Nd5 Kh8 21. Rac1 Bxf5 22. Rxf5
 1-0

[Event "Hull 4NCL Congress 2023"]
[Site "Canham Turner Centre, Hull HU6 7RX"]
[Date "2023.09.09"]
[Round "3"]
[Board "8"]
[White "Black, Ewan"]
[Black "Buckell, David J"]
[Result "1-0"]
[WhiteElo "1528"]
[BlackElo "1648"]
[PlyCount "61"]
[EventDate "2023.09.08"]
[EventRounds "5"]
[EventCountry "ENG"]

1. d4 d6 2. c4 Nf6 3. Nc3 g6 4. e4 Bg7 5. Nf3 O-O 6. Be2 e5 7. O-O Nbd7 8. Be3 Ng4
9. Qd2 Nxe3 10. Qxe3 c6 11. d5 cxd5 12. Nxd5 Nf6 13. Nd2 Nxd5 14. cxd5 f5 15. f3
Bd7 16. Nc4 Be8 17. Rac1 f4 18. Qb3 b5 19. Na3 a6 20. Rc2 Rc8 21. Rfc1 Rxc2 22. Nxc2
Qb6+ 23. Kf1 Qa5 24. Na3 b4 25. Nc4 Qd8 26. a3 bxa3 27. Qxa3 Rf7 28. Nxd6 Rc7 29.
Rxc7 Qxc7 30. Nxe8 Qb6 31. Nxg7  1-0

[Event "Hull 4NCL Congress 2023"]
[Site "Canham Turner Centre, Hull HU6 7RX"]
[Date "2023.09.09"]
[Round "3"]
[Board "9"]
[White "Lukauskas, Modestas"]
[Black "Grice, Alec"]
[Result "0-1"]
[WhiteElo "1471"]
[BlackElo "1638"]
[PlyCount "76"]
[EventDate "2023.09.08"]
[EventRounds "5"]
[EventCountry "ENG"]

1. d4 Nf6 2. Nf3 g6 3. Nc3 Bg7 4. e4 d6 5. h3 O-O 6. Be2 Nbd7 7. Bf4 Re8 8. Qd2 e5
9. Bg5 exd4 10. Nxd4 Nc5 11. O-O-O Ne6 12. Nxe6 Bxe6 13. Kb1 Qc8 14. f3 Nh5 15. g4
Ng3 16. Rhg1 Nxe2 17. Nxe2 b5 18. Bh6 Qa6 19. Nc3 b4 20. Nd5 c6 21. Bxg7 Kxg7 22.
Nxb4 Qb6 23. Qd4+ Qxd4 24. Rxd4 c5 25. Rxd6 cxb4 26. f4 Rad8 27. Ra6 Re7 28. Ra4
Rb7 29. b3 Bd7 30. Ra5 Bb5 31. Re1 a6 32. Kb2 Rc7 33. a4 bxa3+ 34. Rxa3 Rd2 35. Rc1
Rc6 36. Kb1 Rc3 37. Kb2 Rxh3 38. Kb1 Be2  0-1

[Event "Hull 4NCL Congress 2023"]
[Site "Canham Turner Centre, Hull HU6 7RX"]
[Date "2023.09.09"]
[Round "3"]
[Board "10"]
[White "Smith, Adam"]
[Black "Hambly, Neil"]
[Result "0-1"]
[WhiteElo "1623"]
[BlackElo "1537"]
[PlyCount "82"]
[EventDate "2023.09.08"]
[EventRounds "5"]
[EventCountry "ENG"]

1. e4 b6 2. Nf3 e6 3. d4 Bb7 4. d5 exd5 5. exd5 Bb4+ 6. c3 Bd6 7. c4 Nf6 8. Nc3 O-O
9. Bd3 Re8+ 10. Ne2 Bb4+ 11. Nd2 Ne4 12. O-O Bxd2 13. Bxd2 Qf6 14. Nc3 Nxd2 15. Qxd2
Na6 16. Ne4 Qe7 17. a3 c6 18. d6 Qf8 19. b4 c5 20. Rfe1 Rac8 21. b5 Nb8 22. Ng5 g6
23. Be4 Bxe4 24. Nxe4 Qg7 25. Qg5 Rxe4 26. Qd5 Rxe1+ 27. Rxe1 Qc3 28. Kf1 Qd4 29.
Qb7 Qxc4+ 30. Kg1 Rf8 31. Qxa7 Qxb5 32. g3 Qa6 33. Qc7 Rc8 34. a4 Kg7 35. Re7 Rxc7
36. dxc7 Qc8 37. cxb8=Q Qxb8 38. Rxd7 Qe8 39. Ra7 Qe1+ 40. Kg2 Qb4 41. h4 c4  0-1

[Event "Hull 4NCL Congress 2023"]
[Site "Canham Turner Centre, Hull HU6 7RX"]
[Date "2023.09.09"]
[Round "3"]
[Board "11"]
[White "Garner, Luke"]
[Black "Tallentire, Tom"]
[Result "0-1"]
[WhiteElo "1387"]
[BlackElo "1599"]
[PlyCount "90"]
[EventDate "2023.09.08"]
[EventRounds "5"]
[EventCountry "ENG"]

1. e4 c6 2. d4 d5 3. exd5 cxd5 4. Nc3 Bf5 5. Nf3 e6 6. Bf4 Nf6 7. Nb5 Qa5+ 8. c3
Na6 9. Be2 Ne4 10. O-O Be7 11. b4 Qd8 12. Rc1 O-O 13. Ne5 Nb8 14. g4 Bg6 15. Nxg6
hxg6 16. f3 Nf6 17. Qd3 Nbd7 18. Nc7 Rc8 19. Nxe6 fxe6 20. Qxg6 Qe8 21. Qxe8 Nxe8
22. Bb5 Nb6 23. Be5 Bd6 24. a4 Bxe5 25. dxe5 a6 26. Bxe8 Rfxe8 27. a5 Nc4 28. Rfe1
Rf8 29. Kg2 Rf7 30. Re2 Rfc7 31. f4 Na3 32. f5 exf5 33. e6 fxg4 34. e7 Re8 35. Rd1
Rcxe7 36. Rxe7 Rxe7 37. Rxd5 Nc4 38. Kf2 Re3 39. Rd4 Rxc3 40. Rxg4 Ne5 41. Rg3 Rxg3
42. hxg3 Kf7 43. Ke3 Ke6 44. Ke4 g5 45. Kd4 Nc6+  0-1

[Event "Hull 4NCL Congress 2023"]
[Site "Canham Turner Centre, Hull HU6 7RX"]
[Date "2023.09.09"]
[Round "3"]
[Board "14"]
[White "Hara, R Malcolm"]
[Black "Scorer, David M"]
[Result "1/2-1/2"]
[WhiteElo "1616"]
[BlackElo "1452"]
[PlyCount "72"]
[EventDate "2023.09.08"]
[EventRounds "5"]
[EventCountry "ENG"]

1. Nf3 d5 2. d4 Nf6 3. c4 c6 4. Nc3 Bf5 5. cxd5 cxd5 6. Qb3 Qb6 7. Qxb6 axb6 8. e3
e6 9. Bb5+ Nbd7 10. O-O Be7 11. Ne5 Rd8 12. Bd2 O-O 13. Nxd7 Nxd7 14. Rac1 Nf6 15.
Rfe1 Rc8 16. f3 Rfd8 17. Rcd1 h6 18. a3 Bd6 19. e4 dxe4 20. fxe4 Bg4 21. Be2 Bxe2
22. Rxe2 Be7 23. e5 Nd5 24. Nxd5 Rxd5 25. Bc3 Bxa3 26. Rc2 Bb4 27. Rdc1 Bxc3 28.
bxc3 Rd7 29. Kf2 Rdc7 30. Ke3 b5 31. Kd3 Kf8 32. Rb1 Ke7 33. Rxb5 Kd7 34. Rb6 Ke8
35. Rb4 Ke7 36. Rb1 Kd7  1/2-1/2

[Event "Hull 4NCL Congress 2023"]
[Site "Canham Turner Centre, Hull HU6 7RX"]
[Date "2023.09.09"]
[Round "3"]
[Board "15"]
[White "Thrower, Steve J"]
[Black "Atkinson, Richard"]
[Result "1-0"]
[WhiteElo "1456"]
[BlackElo "1556"]
[PlyCount "85"]
[EventDate "2023.09.08"]
[EventRounds "5"]
[EventCountry "ENG"]

1. e4 e6 2. d4 b6 3. Nc3 Bb7 4. Bd3 d5 5. exd5 exd5 6. Nf3 Bd6 7. O-O Ne7 8. Nb5
Nbc6 9. Nxd6+ Qxd6 10. c3 h6 11. Re1 O-O-O 12. b4 g5 13. a4 Ng6 14. a5 Nce7 15. axb6
Qxb6 16. Ne5 Rhf8 17. Qa4 Nxe5 18. dxe5 Kb8 19. Be3 d4 20. cxd4 Rxd4 21. Bxd4 Qxd4
22. Ba6 Bc6 23. b5 Qxa4 24. Rxa4 Bd5 25. Rd4 h5 26. Red1 c6 27. bxc6 Bxc6 28. Rd8+
Rxd8 29. Rxd8+ Kc7 30. Rd1 Ba4 31. Rb1 Bb3 32. Rc1+ Nc6 33. Bc4 Bxc4 34. Rxc4 Kd7
35. Rc3 a5 36. Rd3+ Ke7 37. Rd6 Nxe5 38. Ra6 Nc4 39. Rc6 Nb2 40. Rc2 Nd3 41. Ra2
Nb4 42. Rxa5 Ke8 43. Kf1  1-0

[Event "Hull 4NCL Congress 2023"]
[Site "Canham Turner Centre, Hull HU6 7RX"]
[Date "2023.09.09"]
[Round "3"]
[Board "16"]
[White "Weldon, James"]
[Black "Scotter, John"]
[Result "1-0"]
[WhiteElo "1469"]
[BlackElo "1526"]
[PlyCount "75"]
[EventDate "2023.09.08"]
[EventRounds "5"]
[EventCountry "ENG"]

1. e4 c5 2. Nf3 Nc6 3. Bb5 Nd4 4. Nxd4 cxd4 5. O-O e5 6. c3 a6 7. Bc4 Nf6 8. cxd4
b5 9. Bb3 d6 10. dxe5 dxe5 11. d3 Bb7 12. Nc3 Bd6 13. Be3 O-O 14. a3 Rc8 15. Ne2
h6 16. Ng3 Bc5 17. Qe2 Re8 18. Nh5 Bxe3 19. fxe3 Rc6 20. Nxf6+ Rxf6 21. Rxf6 gxf6
22. Rf1 Qb6 23. Rf3 Rc8 24. Qf1 Rc6 25. Bd5 Rd6 26. Bxb7 Qxb7 27. Rxf6 Qe7 28. Rxd6
Qxd6 29. Qe2 f6 30. h4 b4 31. axb4 Qxb4 32. Kf2 f5 33. Qc2 Kg7 34. Qc7+ Kg6 35. Qc6+
Kh5 36. Qe8+ Kg4 37. Qg6+ Kxh4 38. g3+  1-0

[Event "Hull 4NCL Congress 2023"]
[Site "Canham Turner Centre, Hull HU6 7RX"]
[Date "2023.09.09"]
[Round "3"]
[Board "18"]
[White "Patel, Diah"]
[Black "Dunn, Giles"]
[Result "0-1"]
[WhiteElo "1455"]
[BlackElo "1668"]
[PlyCount "66"]
[EventDate "2023.09.08"]
[EventRounds "5"]
[EventCountry "ENG"]

1. e4 e6 2. d4 d5 3. e5 c5 4. c3 Nc6 5. Nf3 Qb6 6. g3 Nge7 7. Bg2 Nf5 8. b3 cxd4
9. cxd4 Bb4+ 10. Nbd2 Nfxd4 11. Nxd4 Qxd4 12. Rb1 Qxe5+ 13. Qe2 Qd6 14. O-O O-O 15.
Bb2 Bd7 16. Rbd1 Qc7 17. a3 Bd6 18. Nf3 Rae8 19. Qd3 Ne7 20. Rc1 Qb8 21. Qd4 f6 22.
g4 e5 23. Qd2 e4 24. Nh4 Bxh2+ 25. Kh1 Bf4 26. Qd4 Bxc1 27. Rxc1 Bxg4 28. Rg1 Qf4
29. Bf1 g5 30. f3 Bxf3+ 31. Nxf3 Qxf3+ 32. Bg2 Qh5+ 33. Bh3 Qxh3#  0-1

[Event "Hull 4NCL Congress 2023"]
[Site "Canham Turner Centre, Hull HU6 7RX"]
[Date "2023.09.09"]
[Round "3"]
[Board "19"]
[White "Johnson, Stanley"]
[Black "Smith, Sean"]
[Result "1-0"]
[WhiteElo "1410"]
[BlackElo "1528"]
[PlyCount "68"]
[EventDate "2023.09.08"]
[EventRounds "5"]
[EventCountry "ENG"]

1. d4 Nf6 2. c4 e6 3. Nc3 Bb4 4. Qc2 O-O 5. Nf3 c5 6. dxc5 Bxc5 7. e3 d5 8. Bd3 dxc4
9. Bxc4 b6 10. O-O Ba6 11. Nb5 Nbd7 12. Qa4 Bxb5 13. Bxb5 Qc7 14. b4 Be7 15. Bb2
Nb8 16. Rac1 Qd6 17. a3 Qd5 18. Bc4 Qh5 19. Be2 a6 20. Nd4 Qg5 21. Rc2 b5 22. Nxb5
Nbd7 23. Nd4 Nb6 24. Qb3 Rac8 25. Rxc8 Rxc8 26. Nxe6 fxe6 27. Qxe6+ Kf8 28. Qxb6
Rc2 29. Bxf6 Bxf6 30. Bxa6 Qd5 31. Qb8+ Bd8 32. b5 Qd2 33. Qf4+ Bf6 34. b6 Rc1  1-0

[Event "Hull 4NCL Congress 2023"]
[Site "Canham Turner Centre, Hull HU6 7RX"]
[Date "2023.09.10"]
[Round "4"]
[Board "2"]
[White "Sharma, Devesh"]
[Black "Al Haidar, Hussam"]
[Result "1-0"]
[WhiteElo "1494"]
[BlackElo "1525"]
[PlyCount "83"]
[EventDate "2023.09.08"]
[EventRounds "5"]
[EventCountry "ENG"]

1. e4 c6 2. d4 d5 3. exd5 cxd5 4. Bd3 Nc6 5. c3 Qc7 6. h3 g6 7. Nf3 Bg7 8. O-O Nf6
9. Re1 O-O 10. Bg5 b6 11. Nbd2 Bb7 12. Ne5 e6 13. Ndf3 Ne4 14. Bf4 Nxe5 15. Nxe5
Qe7 16. Bxe4 dxe4 17. Nc4 Rfd8 18. Qg4 f5 19. Qg3 Bf8 20. Bg5 Qg7 21. Bxd8 Rxd8 22.
a4 Bd5 23. Nd2 Bd6 24. Qe3 e5 25. a5 exd4 26. cxd4 f4 27. Qc3 Qe7 28. Nxe4 Bxe4 29.
Qb3+ Kg7 30. f3 Bc5 31. Rxe4 Bxd4+ 32. Kh1 Qf6 33. Re6 Qf7 34. Rae1 Re8 35. axb6
axb6 36. Qd5 Be3 37. Qe5+ Kh6 38. Rxe8 Qb3 39. h4 Qc2 40. Re7 Qc5 41. Qg7+ Kh5 42.
Qxh7#  1-0